UEFA Champions League 2017-18 - Statistics

General Stats
  • This quiz has been taken 321 times
  • The average score is 21 of 32
Answer Stats
Hint Answer % Correct
H Real Madrid
99%
D Barcelona
97%
E Liverpool
97%
B Bayern
93%
D Juventus
93%
F Manchester City
93%
C Atlético de Madrid
90%
A Manchester United
89%
C Roma
89%
B PSG
88%
H Borussia Dortmund
87%
C Chelsea
87%
E Sevilla
83%
F Napoli
75%
H Tottenham
74%
G Porto
73%
A Benfica
72%
G Monaco
68%
F Shakhtar Donetsk
55%
B Celtic
52%
F Feyenoord
50%
G Leipzig
50%
A Basel
42%
A CSKA Moscow
42%
G Besiktas
39%
D Sporting CP
39%
B Anderlecht
37%
H APOEL
36%
C Qarabag
33%
E Spartak Moscow
33%
D Olympiakos
29%
E Maribor
25%
No matching quizzes found
Score Distribution
Percent of People with Each Score
Percentile by Number Answered
Your Score History
You have not taken this quiz